Programming And Customizing The Pic Microcontroller (Record no. 318714)
[ view plain ]
| 000 -LEADER | |
|---|---|
| fixed length control field | 00435nam a2200169Ia 4500 |
| 008 - FIXED-LENGTH DATA ELEMENTS--GENERAL INFORMATION | |
| fixed length control field | 230718s9999 xx 000 0 und d |
| 041 ## - LANGUAGE CODE | |
| Language code of text/sound track or separate title | eng |
| 082 ## - DEWEY DECIMAL CLASSIFICATION NUMBER | |
| Classification number | 004.165 |
| Item number | PRE |
| 100 ## - MAIN ENTRY--PERSONAL NAME | |
| Personal name | Predko M. |
| 245 ## - TITLE STATEMENT | |
| Title | Programming And Customizing The Pic Microcontroller |
| 250 ## - EDITION STATEMENT | |
| Edition statement | 3rd ed. |
| 260 ## - PUBLICATION, DISTRIBUTION, ETC. (IMPRINT) | |
| Name of publisher, distributor, etc. | Tata Mc-graw Hill Pub. |
| 300 ## - PHYSICAL DESCRIPTION | |
| Extent | 1263 |
| 365 ## - TRADE PRICE | |
| Currency code | Rs. |
| Price amount | 875.00 |
| 700 ## - ADDED ENTRY--PERSONAL NAME | |
| Personal name | Predko M. |
| 906 ## - LOCAL DATA ELEMENT F, LDF (RLIN) | |
| d | B:27130-Apr-2008 |
| c | ETC |
| b | 175 |
| Withdrawn status | Lost status | Damaged status | Not for loan | Home library | Current library | Date acquired | Vendor | Budget Code | Cost, normal purchase price | Bill number | Total Checkouts | Full call number | Barcode | Date last seen | Discount | Cost, replacement price | Bill Date | Koha item type | Original Barcode |
|---|---|---|---|---|---|---|---|---|---|---|---|---|---|---|---|---|---|---|---|
| Cummins College of Engineering for Women Pune | Cummins College of Engineering for Women Pune | 26/05/2008 | Om Book Stall | ETC | 700.00 | 271 | 004.165 | CCEP-BK-29921 | 18/07/2023 | 175 | 875.00 | 30/04/2008 | Books | 029921 |